<Der> Handel <Das> Wirtschaftsmagazin für Handelsmanagement

Na minha lista:
Detalhes bibliográficos
Formato: Periódico
Idioma:alemão
Publicado em: Frankfurt am Main Deutscher Fachverlag 1993
Assuntos:
Tags: Adicionar Tag
Sem tags, seja o primeiro a adicionar uma tag!

MARC

LEADER 00000nas2a2200000 4500
001 s013724
005 20240109100123.8
022 |a 0341-549X 
041 0 |a ger 
044 |a DE 
245 1 0 |a <Der> Handel  |b <Das> Wirtschaftsmagazin für Handelsmanagement 
264 1 |a Frankfurt am Main  |b Deutscher Fachverlag  |c 1993 
300 |a 1 zv. 
773 0 |w eu_un_cat*s120195 
610 2 0 |a obchod vnútorný 
610 2 0 |a manažment 
610 2 0 |a politika obchodná